ბათუმის შოთა რუსთაველის სახელმწიფო უნივერსიტეტის ბიბლიოთეკა

Грузинская русистика (Литературоведение, лингвистика,культурология) (ბიბ.ჩანაწერი № 35057)

000 -LEADER
fixed length control field 00708nam a2200229Ia 4500
001 - CONTROL NUMBER
control field 897
003 - CONTROL NUMBER IDENTIFIER
control field GE_BSU
008 - FIXED-LENGTH DATA ELEMENTS--GENERAL INFORMATION
fixed length control field 181216s||||||||xx |||||||||||||| ||und||
020 ## - INTERNATIONAL STANDARD BOOK NUMBER
International Standard Book Number 9994038001
040 ## - CATALOGING SOURCE
Transcribing agency GE_BSU
080 ## - UNIVERSAL DECIMAL CLASSIFICATION NUMBER
Universal Decimal Classification number 821.161.109+821.353.1.09
245 ## - TITLE STATEMENT
Title Грузинская русистика (Литературоведение, лингвистика,культурология)
245 ## - TITLE STATEMENT
Statement of responsibility, etc. Ред. Д.Тухарели
260 ## - PUBLICATION, DISTRIBUTION, ETC.
Place of publication, distribution, etc. Тбилиси
260 ## - PUBLICATION, DISTRIBUTION, ETC.
Name of publisher, distributor, etc. Тбилисского ун-та
260 ## - PUBLICATION, DISTRIBUTION, ETC.
Date of publication, distribution, etc. 2005
300 ## - PHYSICAL DESCRIPTION
Extent 580 с.
653 ## - INDEX TERM--UNCONTROLLED
Uncontrolled term Лингвистика, Культурология
653 ## - INDEX TERM--UNCONTROLLED
Uncontrolled term Литературоведение,
942 ## - ADDED ENTRY ELEMENTS (KOHA)
Koha item type წიგნი
ეგზემპლარები
Withdrawn status Lost status Damaged status Not for loan Date acquired Barcode Date last seen Price effective from Koha item type
        2018-12-17 1710 2018-12-17 2018-12-17 წიგნი